The hunchback of Notre Dame (Record no. 396)

MARC details
000 -LEADER
fixed length control field 02969cgm a2200661Ia 4500
003 - CONTROL NUMBER IDENTIFIER
control field data
005 - DATE AND TIME OF LATEST TRANSACTION
control field 20260322212018.0
007 - PHYSICAL DESCRIPTION FIXED FIELD--GENERAL INFORMATION
fixed length control field data
008 - FIXED-LENGTH DATA ELEMENTS--GENERAL INFORMATION
fixed length control field data
020 ## - INTERNATIONAL STANDARD BOOK NUMBER
International Standard Book Number 0788830120
020 ## - INTERNATIONAL STANDARD BOOK NUMBER
International Standard Book Number 9780788830129
024 1# - OTHER STANDARD IDENTIFIER
Standard number or code 786936160079
028 42 - PUBLISHER OR DISTRIBUTOR NUMBER
Publisher or distributor number 23315
Source Buena Vista Home Entertainment
040 ## - CATALOGING SOURCE
Original cataloging agency TEF
Transcribing agency TEF
Modifying agency OCLCQ
-- JFL
-- OCLCQ
041 1# - LANGUAGE CODE
Language code of text/sound track or separate title engfrespa
Language code of original eng
082 04 - DEWEY DECIMAL CLASSIFICATION NUMBER
Classification number 791.43/72
099 ## - LOCAL FREE-TEXT CALL NUMBER (OCLC)
Classification number DVD 680
001 - CONTROL NUMBER
control field data
130 0# - MAIN ENTRY--UNIFORM TITLE
Uniform title Hunchback of Notre Dame (Motion picture : 1996)
245 14 - TITLE STATEMENT
Title The hunchback of Notre Dame
Medium [videorecording] /
Statement of responsibility, etc. Don Hahn ... [et al.].
260 ## - PUBLICATION, DISTRIBUTION, ETC.
Place of publication, distribution, etc. Burbank, Calif. :
Name of publisher, distributor, etc. Buena Vista Home Entertainment [distributor,
Date of publication, distribution, etc. 2002]
300 ## - PHYSICAL DESCRIPTION
Extent 1 videodisc (91 min.) :
Other physical details sd., col. ;
Dimensions 4 3/4 in.
500 ## - GENERAL NOTE
General note Originally produced as a motion picture in 1996; re-released as DVD on Mar. 19, 2002.
500 ## - GENERAL NOTE
General note Based on the novel by Victor Hugo.
500 ## - GENERAL NOTE
General note Special features: "Making of" featurette; Audio commentary by the producer and directors; Singalong song "Topsy turvy"; multi-language reel "A guy like you"; "Topsy turvy underground" game.
508 ## - CREATION/PRODUCTION CREDITS NOTE
Creation/production credits note Music, Alan Menken ; lyrics, Stephen Schwartz.
511 0# - PARTICIPANT OR PERFORMER NOTE
Participant or performer note Voices: Jason Alexander, Tom Hulce, Tony Jay, Paul Kandel, Charles Kimbrough, Kevin Kline, Demi Moore, David Odgen Stiers, Mary Wickes.
520 ## - SUMMARY, ETC.
Summary, etc. Quasimodo ventures from his tower to the joyous festival of fools, but the crowd turns cruel and rejects him because of the way he looks. The gypsy Esmeralda rescues him and he finds himself battling to save the people and the city he loves--while reminding us to see people as they are rather than how they appear.
521 8# - TARGET AUDIENCE NOTE
Target audience note MPAA rating: G.
538 ## - SYSTEM DETAILS NOTE
System details note DVD, Dolby digital 5.1 surround sound, DTS digital 5.1 surround sound, widescreen (aspect ratio 1.85:1)
546 ## - LANGUAGE NOTE
Language note In English with optional soundtrack in French or Spanish; closed-captioned in English for the hearing impaired.
600 00 - SUBJECT ADDED ENTRY--PERSONAL NAME
Personal name Quasimodo (Fictitious character)
Form subdivision Juvenile drama.
600 00 - SUBJECT ADDED ENTRY--PERSONAL NAME
Personal name Esmeralda (Fictitious character)
Form subdivision Juvenile drama.
650 #0 - SUBJECT ADDED ENTRY--TOPICAL TERM
Topical term or geographic name entry element Toleration
Form subdivision Juvenile drama.
650 #0 - SUBJECT ADDED ENTRY--TOPICAL TERM
Topical term or geographic name entry element Films for the hearing impaired.
651 #0 - SUBJECT ADDED ENTRY--GEOGRAPHIC NAME
Geographic name France
General subdivision History
Chronological subdivision Louis XI, 1461-1483
Form subdivision Juvenile drama.
651 #0 - SUBJECT ADDED ENTRY--GEOGRAPHIC NAME
Geographic name Paris (France)
General subdivision History
Chronological subdivision To 1515
Form subdivision Juvenile drama.
655 #7 - INDEX TERM--GENRE/FORM
Genre/form data or focus term Animated films.
Source of term lcsh.
655 #7 - INDEX TERM--GENRE/FORM
Genre/form data or focus term Animation.
Source of term migfg.
700 1# - ADDED ENTRY--PERSONAL NAME
Personal name Hahn, Don.
700 1# - ADDED ENTRY--PERSONAL NAME
Personal name Murphy, Tab.
700 1# - ADDED ENTRY--PERSONAL NAME
Personal name Trousdale, Gary.
700 1# - ADDED ENTRY--PERSONAL NAME
Personal name Wise, Kirk.
700 1# - ADDED ENTRY--PERSONAL NAME
Personal name Alexander, Jason,
Dates associated with a name 1959-
700 1# - ADDED ENTRY--PERSONAL NAME
Personal name Hulce, Tom,
Dates associated with a name 1953-
700 1# - ADDED ENTRY--PERSONAL NAME
Personal name Jay, Tony.
700 1# - ADDED ENTRY--PERSONAL NAME
Personal name Kandel, Paul.
700 1# - ADDED ENTRY--PERSONAL NAME
Personal name Kimbrough, Charles.
700 1# - ADDED ENTRY--PERSONAL NAME
Personal name Kline, Kevin.
700 1# - ADDED ENTRY--PERSONAL NAME
Personal name Moore, Demi.
700 1# - ADDED ENTRY--PERSONAL NAME
Personal name Stiers, David Ogden.
700 1# - ADDED ENTRY--PERSONAL NAME
Personal name Wickes, Mary.
700 1# - ADDED ENTRY--PERSONAL NAME
Personal name Menken, Alan.
700 1# - ADDED ENTRY--PERSONAL NAME
Personal name Schwartz, Stephen.
700 1# - ADDED ENTRY--PERSONAL NAME
Personal name Hugo, Victor,
Dates associated with a name 1802-1885.
Title of a work Notre-Dame de Paris.
710 2# - ADDED ENTRY--CORPORATE NAME
Corporate name or jurisdiction name as entry element Walt Disney Pictures.
710 2# - ADDED ENTRY--CORPORATE NAME
Corporate name or jurisdiction name as entry element Buena Vista Home Entertainment (Firm)
Holdings
Withdrawn status Lost status Damaged status Not for loan Home library Current library Shelving location Date acquired Total checkouts Full call number Barcode Date last seen Price effective from Koha item type
        Centerville Centerville General stacks 22/03/2026   791.43/72 BC0010406 22/03/2026 22/03/2026 Books